00470 2200169 4500001002100000005001500021035002000036008004100056245006600097100002400163260003800187084001800225082001200243650001400255300002200269990000900291INLIS00000000000247820250512041805 a0010-0425002478250512 0 ind 1 aPesan Dalam Amplop /cYulina Trihaningsih dan Jennifer Amaris aYulina Trihaningsih aJakarta :bAsia Foundation,c2021 a899.221 TID p a899.221 4anon Fiksi a28 hlm. :bilust. a6237